| 000 | 00000nam##2200000za#4500 |
| 001 | 9.699347 |
| 003 | CaOODSP |
| 005 | 20210625000335 |
| 007 | cr ||||||||||| |
| 008 | 150407|2014||||xxc|||||o f|0| 0 eng|d |
| 020 | |a978-1-100-23797-8 |
| 040 | |aCaOODSP|beng |
| 043 | |an-cn--- |
| 086 | 1 |aPS18-10/2014E-PDF |
| 110 | 1 |aCanada. |bPublic Safety Canada. |
| 245 | 10|aCorruption in Canada : |h[electronic resource]|bdefinitions and enforcement / |cby Deloitte LLP, primary contributors: Anne-Marie Lynda Boisvert, Peter Dent and Ophelie Brunelle Quraishi. |
| 260 | |aOttawa - Ontario : |bPublic Safety Canada |cc2014. |
| 300 | |a67p. |
| 500 | |a"Report No. 46, 2014" |
| 504 | |aBibliography. |
| 590 | |a15-05|b2015-01-30 |
| 775 | 08|tLa corruption au Canada : |w(CaOODSP)9.644179 |
| 776 | 0#|tCorruption in Canada : |w(CaOODSP)9.630161 |
| 856 | 40|ahttp://publications.gc.ca|qPDF|s1012 KB|uhttps://publications.gc.ca/collections/collection_2015/sp-ps/PS18-10-2014-eng.pdf |